Technology and working life. New directions.
Súvislosti prudkého rozvoja technológie na konci storočia a jeho vplyv na zmenu pracovného štýlu a života - začiatok "post-priemyselnej a informačnej spoločnosti". Prognózovanie vývoja do konca storočia a začiatku 21. storočia. Politiky vlád vo vzťahu k informačnej technológii. Ľudský kapitál a ekon...
Salvato in:
| Autore principale: | |
|---|---|
| Natura: | Capitolo di libro |
| Lingua: | inglese |
| Soggetti: | |
| Tags: |
Nessun Tag, puoi essere il primo ad aggiungerne!!
|
MARC
| LEADER | 00000naa a2200000 4500 | ||
|---|---|---|---|
| 001 | r006879 | ||
| 005 | 20221213085008.0 | ||
| 041 | 0 | |a eng | |
| 044 | |a GB | ||
| 245 | 1 | 0 | |a Technology and working life. New directions. |c A. Jansen |
| 520 | |a Súvislosti prudkého rozvoja technológie na konci storočia a jeho vplyv na zmenu pracovného štýlu a života - začiatok "post-priemyselnej a informačnej spoločnosti". Prognózovanie vývoja do konca storočia a začiatku 21. storočia. Politiky vlád vo vzťahu k informačnej technológii. Ľudský kapitál a ekonomický rozvoj. | ||
| 610 | 2 | 0 | |a technika |
| 610 | 2 | 0 | |a štýl pracovný |
| 610 | 2 | 0 | |a štýl životný |
| 610 | 2 | 0 | |a technológie nové |
| 610 | 2 | 0 | |a činiteľ ľudský |
| 610 | 2 | 0 | |a rozvoj hospodársky |
| 610 | 2 | 0 | |a technológie informačné |
| 610 | 2 | 0 | |a spoločnosť postindustriálna |
| 610 | 2 | 0 | |a 2000 |
| 100 | 1 | |a Jansen, A. | |